[Event "Landsturneringen 2015"]
[Site "Oppsal arena, Oslo"]
[Date "2015.07.10"]
[Round "8"]
[White "Fossan, Andreas"]
[Black "Lindbøl, Aleksander"]
[Result "1-0"]
[WhiteElo "1813"]
[BlackElo "1618"]
[PlyCount "79"]
[EventDate "2015.??.??"]

1. d4 Nf6 2. c4 e6 3. Nc3 Bb4 4. f3 d5 5. a3 Bxc3+ 6. bxc3 h6 7. cxd5 exd5 8.
e3 O-O 9. Bd3 c5 10. Ne2 Nc6 11. O-O Be6 12. Bb2 c4 13. Bc2 b5 14. e4 dxe4 15.
fxe4 Bg4 16. Qd2 Re8 17. Ng3 a5 18. Qf4 Qd7 19. h3 Bh5 20. Nf5 Nh7 21. e5 Bg6
22. Qg3 Re6 23. Rad1 Ne7 24. Nxe7+ Qxe7 25. Bxg6 Rxg6 26. Qe3 Re8 27. Rfe1 Re6
28. Qf3 Rd8 29. Re2 Ng5 30. Qf2 Rd5 31. Bc1 Nh7 32. Qf3 Qd7 33. Rb2 Rexe5 34.
Bf4 Ng5 35. Qg3 Re4 36. h4 Nh7 37. Bxh6 Rg4 38. Qb8+ Nf8 39. Bf4 Rxh4 40. Re1
1-0

[Event "Landsturneringen 2015"]
[Site "Oppsal arena, Oslo"]
[Date "2015.07.10"]
[Round "8"]
[White "Olsen, Ulrik"]
[Black "Greibrokk, Ingrid Andrea"]
[Result "1-0"]
[WhiteElo "1829"]
[BlackElo "1649"]
[PlyCount "71"]
[EventDate "2015.??.??"]

1. d4 Nf6 2. c4 e6 3. Nf3 Bb4+ 4. Bd2 Bxd2+ 5. Qxd2 O-O 6. Nc3 d5 7. e3 b6 8.
cxd5 Nxd5 9. e4 Nf6 10. Bd3 Qe7 11. O-O Na6 12. Qe2 Nb4 13. Bb5 a6 14. Ba4 Bb7
15. a3 Nc6 16. Rac1 b5 17. Bc2 Na5 18. h4 h6 19. Qd3 g6 20. e5 Nh5 21. g4 Nf4
22. Qe3 g5 23. b3 Kg7 24. Ne4 Bxe4 25. Bxe4 Rad8 26. Rc5 Rd7 27. Re1 c6 28. Qc3
Qd8 29. Bxc6 Nxc6 30. Rxc6 gxh4 31. Qd2 Nh3+ 32. Kh2 Ng5 33. Nxg5 hxg5 34. Rd1
Kh6 35. d5 Rxd5 36. Qxd5
1-0

[Event "Landsturneringen 2015"]
[Site "Oppsal arena, Oslo"]
[Date "2015.07.10"]
[Round "8"]
[White "Næss, Sara"]
[Black "Huse, Sigurd Kjelsbøl"]
[Result "0-1"]
[WhiteElo "1580"]
[BlackElo "1535"]
[PlyCount "60"]
[EventDate "2015.??.??"]

1. e4 e5 2. Nf3 Nf6 3. Nxe5 d6 4. Nf3 Nxe4 5. d3 Nf6 6. Be2 Be7 7. O-O O-O 8.
Nc3 Nc6 9. Re1 Bg4 10. h3 Bh5 11. Nh4 Bxe2 12. Qxe2 Re8 13. Nf3 h6 14. Be3 d5
15. Qd2 d4 16. Nxd4 Nxd4 17. a3 c5 18. Rad1 Nd5 19. Ne4 Nxe3 20. fxe3 Nc6 21.
Rf1 Qd7 22. Qf2 f5 23. Qxf5 Qxf5 24. Rxf5 Rf8 25. Rdf1 g6 26. Rxf8+ Rxf8 27.
Rxf8+ Kxf8 28. Kf2 b6 29. Kf3 Kf7 30. Nc3 Bf6
0-1

[Event "Landsturneringen 2015"]
[Site "Oppsal arena, Oslo"]
[Date "2015.07.10"]
[Round "8"]
[White "Wadstensvik, Petter Andreas"]
[Black "Jacobsen, Elise Sjøttem"]
[Result "0-1"]
[WhiteElo "1400"]
[BlackElo "1605"]
[PlyCount "50"]
[EventDate "2015.??.??"]

1. b4 c6 2. Bb2 Qb6 3. a3 a5 4. c4 d5 5. c5 Qc7 6. Nf3 Bg4 7. e3 Nd7 8. Be2 e5
9. h3 Bh5 10. d4 e4 11. Nh2 Bxe2 12. Qxe2 f5 13. b5 Ngf6 14. b6 Qb8 15. Nc3 Be7
16. Na4 O-O 17. O-O-O f4 18. g4 fxg3 19. fxg3 Qxg3 20. Rdg1 Qh4 21. Qg2 Nh5 22.
Rf1 Qg3 23. Qe2 Qxh3 24. Ng4 Rxf1+ 25. Rxf1 Ng3
0-1

[Event "Landsturneringen 2015"]
[Site "Oppsal arena, Oslo"]
[Date "2015.07.10"]
[Round "8"]
[White "Brekke, Kristian Markhus"]
[Black "Lund, Gunnar"]
[Result "0-1"]
[WhiteElo "1187"]
[BlackElo "1615"]
[PlyCount "40"]
[EventDate "2015.??.??"]

1. e4 Nf6 2. e5 Nd5 3. c4 Nb6 4. d4 d6 5. exd6 exd6 6. b3 Be7 7. Bb2 O-O 8. d5
Re8 9. Be2 Bg4 10. f3 Bf5 11. Nc3 Na6 12. g4 Bh4+ 13. Kf1 Bg6 14. Kg2 Nb4 15.
Kh3 h5 16. a3 Nc2 17. Rc1 Ne3 18. Qd4 Bf2 19. gxh5 Bf5+ 20. Qg4 Qh4#
0-1

[Event "Landsturneringen 2015"]
[Site "Oppsal arena, Oslo"]
[Date "2015.07.10"]
[Round "8"]
[White "Enersen, Eirik S"]
[Black "Garcia, Megan Alyssa"]
[Result "0-1"]
[WhiteElo "1477"]
[BlackElo "1370"]
[PlyCount "132"]
[EventDate "2015.??.??"]

1. e4 d5 2. exd5 Nf6 3. Nc3 Nxd5 4. Nf3 Nxc3 5. dxc3 Qxd1+ 6. Kxd1 Bg4 7. Be2
Nc6 8. Nd4 Bxe2+ 9. Kxe2 Nxd4+ 10. cxd4 O-O-O 11. Be3 e6 12. Rhd1 Rd5 13. Rd3
Be7 14. Rad1 Rhd8 15. Bf4 Ra5 16. a3 Rf5 17. g3 g5 18. Be3 g4 19. Kf1 h5 20.
Bf4 h4 21. Ke2 hxg3 22. hxg3 Rh5 23. c4 Bf6 24. b3 c6 25. Be3 a6 26. a4 Be7 27.
Bf4 Bb4 28. Bd2 Bxd2 29. R1xd2 b5 30. axb5 axb5 31. Ke3 bxc4 32. bxc4 Rf5 33.
Ra3 Rf3+ 34. Ke4 Rxa3 35. Kf4 Ra4 36. Kxg4 Rxc4 37. Kg5 Rdxd4 38. Ra2 Ra4 39.
Rc2 Rdc4 40. Rd2 c5 41. Kf6 Ra7 42. f4 Rc3 43. g4 c4 44. Rh2 Rd3 45. g5 Rd5 46.
Rh8+ Rd8 47. Rh7 Rdd7 48. Rh8+ Kc7 49. Rh7 Kd6 50. Rh1 Kc5 51. Rb1 Rab7 52. Rh1
Ra7 53. Rh8 c3 54. Rh2 Kc4 55. Ke5 Kb3 56. Rh3 Kb2 57. f5 exf5 58. Kxf5 c2 59.
Rh2 Kb1 60. g6 fxg6+ 61. Kf6 c1=Q 62. Re2 Qf1+ 63. Kg5 Qxe2 64. Kf4 Rd5 65. Kg3
Ra3+ 66. Kh4 Qe4#
0-1

[Event "Landsturneringen 2015"]
[Site "Oppsal arena, Oslo"]
[Date "2015.07.11"]
[Round "9"]
[White "Berntsen-Øybø, August"]
[Black "Olsen, Ulrik"]
[Result "1/2-1/2"]
[WhiteElo "1684"]
[BlackElo "1829"]
[PlyCount "67"]
[EventDate "2015.??.??"]

1. d4 Nf6 2. Nf3 e6 3. Bg5 Be7 4. e3 O-O 5. Bd3 d5 6. Nbd2 b6 7. O-O c5 8. c3
Ba6 9. Bxa6 Nxa6 10. Ne5 Qc7 11. Qa4 Nb8 12. f3 Rd8 13. Qd1 Nbd7 14. f4 h6 15.
Bh4 Nxe5 16. fxe5 Nh7 17. Bxe7 Qxe7 18. Qg4 Qg5 19. Qxg5 Nxg5 20. h4 Nh7 21.
Nf3 Rf8 22. a4 a5 23. Rf2 f6 24. Raf1 fxe5 25. Nxe5 Rxf2 26. Rxf2 Nf6 27. Kf1
Rd8 28. Ke2 Nd7 29. Nxd7 Rxd7 30. Kd3 c4+ 31. Ke2 Rf7 32. Rxf7 Kxf7 33. Kf3 Kf6
34. g4
1/2-1/2

[Event "Landsturneringen 2015"]
[Site "Oppsal arena, Oslo"]
[Date "2015.07.11"]
[Round "9"]
[White "Jacobsen, Elise Sjøttem"]
[Black "Bruaset, Eivind"]
[Result "1-0"]
[WhiteElo "1605"]
[BlackElo "1563"]
[PlyCount "68"]
[EventDate "2015.??.??"]

1. e4 e6 2. d4 d5 3. Nc3 Bb4 4. e5 c5 5. Bd2 Ne7 6. f4 Nbc6 7. Nb5 Bxd2+ 8.
Qxd2 O-O 9. dxc5 f6 10. exf6 Rxf6 11. Nf3 Ng6 12. g3 e5 13. Nxe5 Ncxe5 14. fxe5
Nxe5 15. O-O-O Bg4 16. Be2 Rf2 17. Nc3 d4 18. Qe1 Qg5+ 19. Kb1 Bxe2 20. Nxe2
Ng4 21. Nxd4 Rd8 22. h3 Qxc5 23. Qe6+ Kh8 24. Qxg4 h5 25. Qxg7+ Kxg7 26. Ne6+
Kg6 27. Nxc5 Rc8 28. Ne4 Rfxc2 29. Rc1 Rxc1+ 30. Rxc1 Re8 31. Nd6 Re3 32. g4 h4
33. Rc3 Rg3 34. Nf5 Rg1+
1-0

[Event "Landsturneringen 2015"]
[Site "Oppsal arena, Oslo"]
[Date "2015.07.11"]
[Round "9"]
[White "Huse, Sigurd Kjelsbøl"]
[Black "Fossan, Andreas"]
[Result "1/2-1/2"]
[WhiteElo "1535"]
[BlackElo "1813"]
[PlyCount "58"]
[EventDate "2015.??.??"]

1. e4 c6 2. d4 d5 3. e5 c5 4. c3 Nc6 5. Bb5 e6 6. f4 Bd7 7. Bxc6 Bxc6 8. Nf3
Nh6 9. O-O Nf5 10. Kh1 b6 11. Na3 Be7 12. Nc2 O-O 13. Ne3 Nxe3 14. Bxe3 Qd7 15.
Nh4 f6 16. Nf3 Rae8 17. Kg1 a5 18. b3 f5 19. a3 a4 20. b4 cxb4 21. cxb4 Bb5 22.
Rf2 Rc8 23. Rc2 Rxc2 24. Qxc2 Rc8 25. Qb2 Rc7 26. Rc1 Qc8 27. Rxc7 Qxc7 28. Nd2
Bd8 29. h3 Bh4
1/2-1/2

[Event "Landsturneringen 2015"]
[Site "Oppsal arena, Oslo"]
[Date "2015.07.11"]
[Round "9"]
[White "Heier, Odin Nikolai"]
[Black "Greibrokk, Ingrid Andrea"]
[Result "0-1"]
[WhiteElo "1707"]
[BlackElo "1649"]
[PlyCount "62"]
[EventDate "2015.??.??"]

1. e4 c5 2. Nf3 d6 3. d4 cxd4 4. Nxd4 Nf6 5. Nc3 g6 6. Be3 Bg7 7. f3 O-O 8. Qd2
Nc6 9. O-O-O Nxd4 10. Bxd4 Be6 11. g4 Qa5 12. a3 a6 13. h4 b5 14. h5 b4 15. Nb1
Rab8 16. hxg6 fxg6 17. Bd3 Qa4 18. g5 bxa3 19. Nxa3 Qxd4 20. c3 Qc5 21. gxf6
Rxf6 22. Nc2 Rxf3 23. Rdg1 Rf2 24. Qe1 Qb6 25. b4 Rc8 26. e5 Bxe5 27. Bxg6 hxg6
28. Rxg6+ Kf7 29. Qg1 Rxc3 30. Rh7+ Kf8 31. Rxe6 Rfxc2+
0-1

[Event "Landsturneringen 2015"]
[Site "Oppsal arena, Oslo"]
[Date "2015.07.11"]
[Round "9"]
[White "Lindbøl, Aleksander"]
[Black "Sundsbø, Sigve"]
[Result "1/2-1/2"]
[WhiteElo "1618"]
[BlackElo "1550"]
[PlyCount "98"]
[EventDate "2015.??.??"]

1. Nf3 Nf6 2. c4 e6 3. d4 b6 4. Nc3 Bb4 5. Bg5 Bb7 6. e3 O-O 7. Be2 d6 8. O-O
Nbd7 9. Nd2 Rc8 10. Qc2 h6 11. Bh4 Qe7 12. Nde4 Bxc3 13. Nxf6+ Nxf6 14. Qxc3
Rfe8 15. Bd3 c5 16. dxc5 Rxc5 17. b4 Rc7 18. Bxf6 Qxf6 19. Qxf6 gxf6 20. Rfc1
Rec8 21. Rc2 Kf8 22. f3 Ke7 23. Kf2 Kd7 24. Ke2 Rg8 25. Kf2 Rgc8 26. Rac1 Ba6
27. b5 Bb7 28. e4 Ke7 29. a4 a5 30. g4 Rh8 31. h4 Rcc8 32. Kg3 Rcg8 33. Rd2 Rg7
34. Rcd1 Rd8 35. Bc2 Rgg8 36. f4 Bc8 37. f5 e5 38. Kf3 Bb7 39. Bb3 Bc8 40. Rg1
Rg7 41. Rgd1 Rgg8 42. c5 dxc5 43. Rxd8 Rxd8 44. Rxd8 Kxd8 45. Bxf7 Ke7 46. Bd5
Bd7 47. Ke3 Be8 48. h5 Bf7 49. Bxf7 Kxf7
1/2-1/2

[Event "Landsturneringen 2015"]
[Site "Oppsal arena, Oslo"]
[Date "2015.07.11"]
[Round "9"]
[White "Garcia, Megan Alyssa"]
[Black "Bø, Torgeir H"]
[Result "1-0"]
[WhiteElo "1370"]
[BlackElo "1354"]
[PlyCount "79"]
[EventDate "2015.??.??"]

1. e4 a6 2. Nf3 b5 3. Be2 Bb7 4. d3 e6 5. Nbd2 Nf6 6. e5 Nd5 7. Ne4 c5 8. O-O
Qc7 9. b3 Nc6 10. Bb2 h5 11. Qd2 O-O-O 12. c4 Nb6 13. cxb5 axb5 14. Rfc1 d6 15.
exd6 Bxd6 16. Nxd6+ Qxd6 17. Qg5 f5 18. Qe3 Nd7 19. Ng5 Qe7 20. Nxe6 Rde8 21.
Nf4 Qxe3 22. fxe3 Rxe3 23. Kf2 Rhe8 24. Bxh5 Nce5 25. Bxe8 Ng4+ 26. Kf1 g5 27.
Bxd7+ Kxd7 28. h3 Nh2+ 29. Kf2 gxf4 30. Re1 Rg3 31. Rg1 Re3 32. Rae1 Rg3 33.
Be5 Bxg2 34. Rxg2 Rf3+ 35. Kg1 Rxh3 36. Rxh2 Rxd3 37. Bxf4 c4 38. Rd2 Kc6 39.
Rxd3 cxd3 40. Rd1
1-0